|
|
|
|
| LEADER |
00000cam a2200000 7i4500 |
| 001 |
0000027520 |
| 005 |
20170427.0 |
| 008 |
170407 my # may |
| 020 |
|
|
|a 9832202088
|
| 040 |
|
|
|a INS
|b eng
|e rda
|
| 090 |
0 |
0 |
|a BP75.29
|b M544 2005
|
| 245 |
1 |
0 |
|a Mengenali Rasulullah S.A.W
|c Disusun oleh Ustaz Johari Yaman
|
| 264 |
|
1 |
|a Selangor :
|b Penerbitan Nadi Minda Sdn. Bhd.
|c 2005
|
| 300 |
|
|
|a xvi., 745 muka surat ;
|c 22 cm.
|
| 336 |
|
|
|a text
|2 rdacontent
|
| 337 |
|
|
|a unmediated
|2 rdamedia
|
| 338 |
|
|
|a volume
|2 rdacarrier
|
| 500 |
|
|
|a Mengandungi ayat-ayat Al-Quran
|
| 600 |
0 |
0 |
|a Muhammad, ,
|c Prophet ,
|d d.632
|
| 700 |
0 |
|
|a Johari Yaman ,
|c penyusun
|
| 999 |
|
|
|a 0000023849
|b BOOK
|c Open Shelf
|e Default branch
|